000 01074nam a22002657a 4500
005 20101206113148.0
008 101206t xxu||||| |||| 00| 0 hin d
010 _aHIN-93248
020 _c150.00
_a9788190260253
035 _aHN-65594
037 _bDBAD/PUB
040 _aDPL
_bHN
082 _a968
100 _924598
_aपाण्डेय, पृथ्वी नाथ
245 _aदक्षिण अफ्रीका में रंग-क्रांति /
_cपृथ्वी नाथ पाण्डेय
260 _aइलाहाबाद
_bभारत भारती प्रकाशन
_c2010
270 _bइलाहाबाद
_a1, बाई का बाग
_e3
300 _a102पृ.
_c22सेमी (सजिल्द)
650 _91169
650 _929580
700 _924599
700 _924924
942 _2ddc
_cHN
_mपाण्डेय
_h968
999 _c53974
_d53974